Cloud computing for enterprise architectures (Record no. 12995)

000 -LEADER
fixed length control field 00506nam a22001697a 4500
020 ## - INTERNATIONAL STANDARD BOOK NUMBER
International Standard Book Number 9781447122357
082 ## - DEWEY DECIMAL CLASSIFICATION NUMBER
Classification number 006.76 ZAI
100 ## - MAIN ENTRY--PERSONAL NAME
Personal name Zaigham, Mahmood
245 ## - TITLE STATEMENT
Title Cloud computing for enterprise architectures
260 ## - PUBLICATION, DISTRIBUTION, ETC.
Place of publication, distribution, etc. USA
Name of publisher, distributor, etc. Springer
Date of publication, distribution, etc. 2011
300 ## - PHYSICAL DESCRIPTION
Extent xvii, 327 p. : ill.
490 ## - SERIES STATEMENT
Series statement Computer communications and networks.
500 ## - GENERAL NOTE
General note Includes bibliographical references and index.
650 ## - SUBJECT ADDED ENTRY--TOPICAL TERM
Topical term or geographic name entry element Includes bibliographical references and index.
700 ## - ADDED ENTRY--PERSONAL NAME
Personal name Hill, Richard
942 ## - ADDED ENTRY ELEMENTS (KOHA)
Koha item type Book
Holdings
Withdrawn status Lost status Damaged status Not for loan Collection code Permanent Location Current Location Shelving location Date acquired Source of acquisition Total Checkouts Full call number Barcode Date last seen Date last checked out Price effective from Koha item type
          Central Library (CL) Central Library (CL) First Floor - Machine Learning/Computer Graphics 10/22/2014 Donation 1 006.76 ZAI SEECSD01043 01/27/2025 09/21/2020 10/20/2014 Book
© 2023 Central Library, National University of Sciences and Technology. All Rights Reserved.